Perang akhbar (menentang nafsu)
| Main Author: | |
|---|---|
| Format: | Book |
| Published: |
Kuala Lumpur :
Pustaka Ilmu Raya ,
1984
|
| Subjects: |
MARC
| LEADER | 00000cam a2200000 7i4500 | ||
|---|---|---|---|
| 001 | 0000007507 | ||
| 005 | 20031224093000.0 | ||
| 090 | 0 | 0 | |a BP182 |b .S922 |
| 100 | 0 | |a Suad, M. Z. A. , |e author | |
| 245 | 0 | 0 | |a Perang akhbar (menentang nafsu) |c M. Z. A. Suad |
| 260 | 2 | |a Kuala Lumpur : |b Pustaka Ilmu Raya , |c 1984 | |
| 300 | |a 73 ms. ; |c 19 sm. | ||
| 650 | 0 | |a Demonology, Islamic | |
| 650 | 0 | |a Jihad | |
| 999 | |a 1000005441 |b Book |c OPEN SHELF (30 DAYS) |e Gong Badak Campus | ||